000
00268nam a22001097a 4500
008
171207b xxu||||| |||| 00| 0 eng d
041
_a
eng
080
_a
616.8
100
_a
26
101
_a
NEU
245
_a
DEGENERATION AND REGENERATION OF THE NERVOUS SYSTEM
_c
CAJAL,R.Y
999
_c
38826
_d
38826